| 000 | 00982cam a22001935a 4500 | ||
|---|---|---|---|
| 001 | L156870 | ||
| 008 | 120724s1806 xxk f 000 0 eng d | ||
| 035 | _a(Sirsi) u156870 | ||
| 041 | 0 | _aeng | |
| 245 | 0 | 3 |
_aAn act for the regulation of buildings and party walls, and for preventing mischiefs by fire, in London and Westminster _bpassed in the 14th year of George III. Illustrated with plates, shewing the proper thickness of party-walls, external walls, and chimneys, with a complete index, and a list of the district surveyors |
| 250 | _aA new edition | ||
| 260 |
_aCambridge _bPrinted by R. Watts, at the University Press, for J. Taylor, at the Archietctural Library, no. 59, High Holborn _c1806 |
||
| 300 |
_a66 p. _bill. _c19 cm. |
||
| 520 | _aThe name "Charles Lee" is written in ink on the top right corner of the title page. | ||
| 583 |
_aCondition reviewed _c20120620 _lcondition level 2 |
||
| 651 | 4 |
_aGreat Britain _y1707- |
|
| 690 |
_aParty walls _96258 |
||
| 942 | _n0 | ||
| 999 |
_c114458 _d114458 |
||